[Event "IDJM"]
[Site "Augsburg GER"]
[Date "2002.04.05"]
[Round "5"]
[White "Rau,H"]
[Black "L'Ami,E"]
[Result "1-0"]
[WhiteElo "2297"]
[BlackElo "2353"]

1.d4 d5 2.c4 dxc4 3.Nf3 Nf6 4.e3 e6 5.Bxc4 c5 6.O-O Nc6 7.a3 a6 8.dxc5 Bxc5
9.b4 Ba7 10.Qxd8+ Kxd8 11.Bb2 Ke7 12.Nbd2 b5 13.Ba2 Bb7 14.Rac1 Rac8 15.Nb3 Nd7
16.Rfd1 Rhg8 17.Bb1 h6 18.Kf1 f6 19.Ba2 Nce5 20.Nxe5 fxe5 21.Na5 Ba8 22.Ke2 g5
23.g4 Rgf8 24.Rxc8 Bf3+ 25.Kf1 Rxc8 26.Rc1 Rxc1+ 27.Bxc1 Bb8 28.h3 Bc7 29.Bb1 Nf6
30.Nb3 Bd6 31.Nd2 Bc6 32.e4 Nh7 33.Nb3 Kf6 34.Be3 Bb7 35.Nc5 Bc8 36.Kg2 Nf8
37.h4 Ng6 38.hxg5+ hxg5 39.f3 Bc7 40.Kf2 Ne7 41.Ba2 Nc6 42.Bxg5+ Kf7 43.Be3 a5
44.bxa5 Bxa5 45.Kg3 Be1+ 46.Bf2 Bd2 47.Kh4 Bc1 48.a4 bxa4 49.Nxa4 Nd4 50.Bxd4 exd4
51.Bc4 Bf4 52.Nc5 Kf6 53.Nd3 Bh6 54.Kh5 Bf8 55.g5+ Kg7 56.f4 Be7 57.e5 Bd7
58.Kg4 Bc8 59.Nf2 Bd7 60.Ne4 Bc8 61.Nf6 Kg6 62.Bd3+ Kg7 63.Nh5+ Kg8 64.Bc4 Kh7
65.Bd3+ Kg8 66.g6 Bb7 67.Bc4  1-0

[Event "New White Plus GM open"]
[Site "Dhaka BAN"]
[Date "2002.04.06"]
[Round "8"]
[White "Johannessen,LE"]
[Black "Sermek,D"]
[Result "1/2-1/2"]
[WhiteElo "2427"]
[BlackElo "2595"]

1.Nf3 d5 2.d4 Nf6 3.c4 dxc4 4.e3 e6 5.Bxc4 c5 6.O-O a6 7.dxc5 Qxd1 8.Rxd1 Bxc5
9.Nbd2 Ke7 10.a3 b5 11.Be2 Bb7 12.b4 Bd6 13.Bb2 Nbd7 14.Nd4 Rhc8 15.Rdc1 Rxc1+
16.Rxc1 Rc8 17.Rxc8 Bxc8 18.g4 Bb7 19.g5 Nd5 20.h4  1/2-1/2

[Event "FSIMB April"]
[Site "Budapest HUN"]
[Date "2002.04.09"]
[Round "8"]
[White "Alfred,N"]
[Black "Vass,V"]
[Result "0-1"]
[WhiteElo "2246"]
[BlackElo "2218"]

1.d4 d5 2.c4 dxc4 3.Nf3 Nf6 4.e3 e6 5.Bxc4 c5 6.O-O a6 7.Qe2 Nc6 8.dxc5 Bxc5
9.e4 h6 10.e5 Nd5 11.Nbd2 Nf4 12.Qe4 Ng6 13.h4 Qc7 14.Nb3 Ncxe5 15.Nxe5 Qxe5
16.Nxc5 Qxc5 17.Be3 Qe5 18.Qg4 Qf6 19.f4 Qxh4 20.Qf3 O-O 21.Rad1 e5 22.g3 Qg4
23.Qg2 exf4 24.Bc5 f3 25.Rxf3 Qxc4 26.Bxf8 Nxf8 27.Rc3 Qb5 28.a4 Qb6+ 29.Kh2 Bg4
30.Rd5 Re8  0-1

[Event "Golden Cleopatra"]
[Site "Cairo EGY"]
[Date "2002.04.09"]
[Round "3"]
[White "Mirzoev,A"]
[Black "Ismail,H"]
[Result "1-0"]
[WhiteElo "2494"]
[BlackElo "2250"]

1.d4 d5 2.Nf3 Nf6 3.c4 dxc4 4.e3 e6 5.Bxc4 c5 6.O-O a6 7.Nc3 b5 8.Bb3 Bb7
9.Qe2 Nbd7 10.Rd1 Qc7 11.e4 cxd4 12.Nxd4 b4 13.Nd5 exd5 14.exd5+ Qe5 15.Qxe5+ Nxe5
16.Re1 O-O-O 17.Rxe5 Bxd5 18.Be3 Kb7 19.Rc1 Bd6 20.Rxd5 Bxh2+ 21.Kxh2 Nxd5
22.Nc6 Rd6 23.Na5+ Ka8 24.Rd1 Rhd8 25.Bc5 R6d7 26.Ba4  1-0

[Event "TCh-ISR"]
[Site "ISR"]
[Date "2002.04.12"]
[Round "8"]
[White "Kaminik,A"]
[Black "Karpman,V"]
[Result "0-1"]
[WhiteElo "2232"]
[BlackElo "2371"]

1.d4 d5 2.c4 dxc4 3.Nf3 Nf6 4.e3 e6 5.Bxc4 c5 6.O-O a6 7.a4 Nc6 8.Qe2 cxd4
9.Rd1 Be7 10.exd4 O-O 11.Nc3 Nb4 12.Bg5 Nfd5 13.Bxe7 Nxe7 14.Ne5 Qb6 15.Ra3 Nec6
16.Ne4 f6 17.Nxc6 Qxc6 18.Nc5 Nd5 19.a5 Bd7 20.Qe4 Rad8 21.Rg3 Bc8 22.h4 Kh8
23.h5 h6 24.Re1 Qc7 25.Bxd5 Rxd5 26.Nxe6 Bxe6 27.Qxe6 Qxa5 28.Rc1 Rxd4 29.Qe7 Rg8
30.Rc7 Qxh5 31.Rh3 Qd1+ 32.Kh2 Qd2 33.Rxb7 Qf4+ 34.Rg3 Qxf2  0-1

[Event "TCh-ISR"]
[Site "ISR"]
[Date "2002.04.12"]
[Round "8"]
[White "Lev,R"]
[Black "Har Zvi,R"]
[Result "0-1"]
[WhiteElo "2461"]
[BlackElo "2504"]

1.d4 d5 2.c4 dxc4 3.Nf3 e6 4.e3 Nf6 5.Bxc4 c5 6.O-O a6 7.Bd3 cxd4 8.exd4 Be7
9.Nc3 O-O 10.Bg5 Nc6 11.Rc1 Nb4 12.Bb1 b5 13.a3 Nbd5 14.Qd3 Nxc3 15.bxc3 g6
16.a4 Bb7 17.Rfe1 Rc8 18.axb5 axb5 19.Ne5 Nd5 20.Bh6 Bg5 21.Bxf8 Bxc1 22.Bc5 Nf4
23.Qc2 Bd2 24.Rd1 Bxc3 25.f3 Bxd4+ 26.Rxd4 Qxd4+ 27.Bxd4 Rxc2 28.Bxc2 Ne2+
29.Kf2 Nxd4 30.Bd3 f6 31.Nd7 Kf7 32.Ke3 Nf5+ 33.Bxf5 gxf5 34.g3 Ke7 35.Nc5 Bd5
36.f4 Kd6 37.Na6 Bb7 38.Nb4 Kc5 39.Nd3+ Kc4  0-1

[Event "Open"]
[Site "Dubai UAE"]
[Date "2002.04.16"]
[Round "2"]
[White "Tregubov,P"]
[Black "Sadvakasov,D"]
[Result "1/2-1/2"]
[WhiteElo "2626"]
[BlackElo "2555"]

1.d4 d5 2.c4 dxc4 3.e3 Nf6 4.Bxc4 e6 5.Nf3 c5 6.O-O a6 7.Bb3 cxd4 8.exd4 Nc6
9.Nc3 Be7 10.d5 exd5 11.Nxd5 Nxd5 12.Bxd5 O-O 13.Be3 Bf6 14.Bc5 Re8 15.Qb3 Be6
16.Bxe6 Rxe6 17.Rac1 Qc7 18.g3 Rae8 19.Be3 Qe7 20.Rfd1 Re4 21.Bc5 Qc7 22.Rc2 h6
23.Kg2 R8e6 24.Rd5 Re2 25.Ba3 Qc8 26.Rdd2 R2e4 27.Qd5 Qe8 28.Qd7 Qxd7 29.Rxd7 b5
30.Bd6 Nd4 31.Rd2 g5 32.Nxd4 Bxd4 33.Bb8 Bf6 34.R7d6 Kg7 35.b3 a5 36.Rxe6 Rxe6
37.Ba7 Re1 38.Rd5 Ra1 39.Rxb5 Rxa2 40.Kf3 a4 41.Ke4  1/2-1/2

[Event "XX Open"]
[Site "Metz FRA"]
[Date "2002.04.16"]
[Round "4"]
[White "Haik,A"]
[Black "Legky,N"]
[Result "0-1"]
[WhiteElo "2361"]
[BlackElo "2485"]

1.d4 d5 2.c4 dxc4 3.Nf3 Nf6 4.e3 e6 5.Bxc4 c5 6.O-O Nc6 7.Qe2 cxd4 8.Rd1 Be7
9.exd4 O-O 10.Nc3 Na5 11.Bd3 b6 12.Bg5 Bb7 13.Bc2 Rc8 14.Qd3 g6 15.Bh6 Re8
16.Ne5 a6 17.Qh3 Nc4 18.Nxc4 Rxc4 19.Bb3 Rxd4 20.Bxe6 Bc5 21.Rxd4 Bxd4 22.Bb3 Bxf2+
23.Kh1 Qe7 24.Rf1 b5 25.Qd3 Ng4 26.Bf4 Bc5 27.Bg3 Ne3 28.Rxf7 Bxg2+ 29.Kg1 Nc4+
30.Kxg2 Qxf7 31.Ne4 Qe6 32.Nc3 Kg7 33.h4 Bb6 34.Nd5 Ne3+ 35.Nxe3 Qxe3 36.Qd7+ Re7
37.Qd5 Qe2+ 38.Kh3 Qf1+ 39.Kg4 h5+  0-1

[Event "XX Open"]
[Site "Metz FRA"]
[Date "2002.04.18"]
[Round "6"]
[White "Bagaturov,G"]
[Black "Legky,N"]
[Result "1/2-1/2"]
[WhiteElo "2445"]
[BlackElo "2485"]

1.d4 d5 2.c4 dxc4 3.e3 Nf6 4.Bxc4 e6 5.Nf3 c5 6.O-O Nc6 7.Qe2 cxd4 8.exd4 Be7
9.Be3 O-O 10.Nc3 Na5 11.Bd3 b6 12.Rad1 Bb7 13.Bb1 Rc8 14.Ne5 Nd5 15.Bd2 Nc6
16.Qd3 g6 17.Rfe1 Nxe5 18.dxe5 Nxc3  1/2-1/2

[Event "TCh-ISR"]
[Site "ISR"]
[Date "2002.04.19"]
[Round "9"]
[White "Gershon,A"]
[Black "Maryasin,B"]
[Result "1-0"]
[WhiteElo "2558"]
[BlackElo "2398"]

1.d4 d5 2.c4 dxc4 3.e3 Nf6 4.Bxc4 e6 5.Nf3 c5 6.O-O a6 7.Bb3 Nc6 8.Nc3 Be7
9.dxc5 Qxd1 10.Rxd1 Bxc5 11.Bd2 Bd7 12.Na4 Ba7 13.Rac1 Ne4 14.Be1 Rd8 15.Rc4 f5
16.Rcc1 Ke7 17.Nc3 Nc5 18.Bc2 Bc8 19.Nd4 Rd6 20.Nxc6+ Rxc6 21.b4 Nd7 22.e4 f4
23.b5 Rd6 24.Rxd6 Kxd6 25.e5+ Kxe5 26.Ne4 Nf6 27.Ng5 Re8 28.Bc3+ Kd6 29.Bb4+ Kd7
30.b6  1-0

[Event "TCh-ISR"]
[Site "ISR"]
[Date "2002.04.19"]
[Round "9"]
[White "Karpman,V"]
[Black "Har Zvi,R"]
[Result "1/2-1/2"]
[WhiteElo "2371"]
[BlackElo "2504"]

1.d4 d5 2.c4 dxc4 3.e3 Nf6 4.Bxc4 e6 5.Nf3 c5 6.O-O a6 7.Bb3 cxd4 8.exd4 Nc6
9.Nc3 Be7 10.Re1 O-O 11.Bg5 Na5  1/2-1/2

[Event "Open"]
[Site "Dubai UAE"]
[Date "2002.04.23"]
[Round "7"]
[White "Sorokin,M"]
[Black "Sadvakasov,D"]
[Result "1-0"]
[WhiteElo "2551"]
[BlackElo "2555"]

1.d4 d5 2.c4 dxc4 3.Nf3 Nf6 4.e3 e6 5.Bxc4 c5 6.O-O a6 7.dxc5 Qxd1 8.Rxd1 Bxc5
9.Nbd2 Nbd7 10.Be2 b6 11.Nc4 Bb7 12.Nd4 Rc8 13.Nb3 Be7 14.Bd2 O-O 15.f3 Bd5
16.Rac1 b5 17.Nca5 Nc5 18.Nd4 Nfd7 19.e4 Ba8 20.Be3 Bf6 21.b3 Ne5 22.Nxb5 Nxe4
23.Nc7 Nc3 24.Rxc3 Nxf3+ 25.gxf3 Bxc3 26.Bb6 Rfd8 27.Rxd8+ Rxd8 28.Nxa8 Rxa8
29.Nc6 a5 30.a4 g5 31.Kf2 Kg7 32.Ke3 Kh6 33.Kd3 Be1 34.Kc4 Kh5 35.Kb5 Kh4
36.Bf1 f5 37.Nxa5 g4 38.fxg4 fxg4 39.Nc4 Rf8 40.Bg2 g3 41.hxg3+ Kxg3 42.Be4 h5
43.b4 Kf4 44.Bc6 Rf5+ 45.Bc5 e5 46.a5 e4 47.a6 Rf7 48.Bxe4 h4 49.Bd5  1-0

[Event "Open"]
[Site "Pula CRO"]
[Date "2002.05.12"]
[Round "1"]
[White "Zaja,I"]
[Black "Solic,K"]
[Result "1-0"]
[WhiteElo "2459"]
[BlackElo "2099"]

1.d4 d5 2.Nf3 Nf6 3.c4 dxc4 4.e3 e6 5.Bxc4 c5 6.Nc3 a6 7.Bd3 Be7 8.O-O O-O
9.dxc5 Bxc5 10.e4 h6 11.Qe2 Nc6 12.e5 Nd5 13.Rd1 Nce7 14.Qe4 Ng6 15.h4 Re8
16.Qg4 Nxc3 17.bxc3 Qb6 18.h5 Bxf2+ 19.Kh1  1-0

[Event "Open"]
[Site "Pula CRO"]
[Date "2002.05.13"]
[Round "3"]
[White "Cebalo,M"]
[Black "Feletar,D"]
[Result "1-0"]
[WhiteElo "2515"]
[BlackElo "2435"]

1.d4 d5 2.c4 dxc4 3.Nf3 Nf6 4.e3 e6 5.Bxc4 c5 6.O-O a6 7.Bb3 Nc6 8.Nc3 cxd4
9.exd4 Be7 10.a3 O-O 11.Re1 Qd6 12.g3 Nd5 13.Qd3 Nxc3 14.bxc3 Qd8 15.h4 Bd7
16.Bc2 g6 17.Bh6 Re8 18.c4 Bf6 19.Rad1 Ne7 20.Bg5 Nf5 21.Bxf6 Qxf6 22.Ne5 Bc6
23.Nxc6 bxc6 24.Qf3 Kg7 25.Be4 Ne7 26.Bxc6 Nxc6 27.Qxc6 Rec8 28.Qe4 Rab8
29.c5 Rd8 30.c6 Rbc8 31.Rd3 Rd5 32.Rc1 Qd8 33.Rc4 Qd6 34.Rdc3 Rc7 35.Kg2 h5
36.a4 Kf8 37.Rc2 Kg7 38.Qe3 Kh7 39.Qc3 Rf5 40.Rc5 Rxc5 41.Qxc5 Qxc5 42.Rxc5 Kg7
43.Kf3 Kf6 44.Kf4 Ke7 45.Kg5  1-0

[Event "IHEM"]
[Site "Hamburg GER"]
[Date "2002.05.24"]
[Round "7"]
[White "Farago,I"]
[Black "Putzbach,G"]
[Result "1-0"]
[WhiteElo "2506"]
[BlackElo "2242"]

1.d4 d5 2.c4 dxc4 3.Nf3 Nf6 4.e3 e6 5.Bxc4 c5 6.O-O a6 7.Bb3 b6 8.e4 cxd4
9.e5 Nd5 10.Bg5 Be7 11.Bxd5 Qxd5 12.Bxe7 Kxe7 13.Qd2 Rd8 14.Qg5+ Kf8 15.Rd1 Nc6
16.Nc3 Qd7 17.Ne4 Qe7 18.Qf4 Rd5 19.Rac1 Bb7 20.Nd6 Rd8 21.Nxd4 g5 22.Nxc6 gxf4
23.Nxe7 Rxd1+ 24.Rxd1 Kxe7 25.Rc1 Rd7 26.g3 fxg3 27.hxg3 f6 28.f4 fxe5 29.fxe5 Kd8
30.Kf2 Rg7 31.Nxb7+ Rxb7 32.Rc6 Kd7 33.Rd6+ Ke7 34.b4 a5 35.b5 Rc7 36.Rxb6 Rc2+
37.Ke3 Rxa2 38.Rb7+ Kd8 39.Kd4 Rd2+ 40.Kc5 Rd7 41.Rb6 Rd5+ 42.Kc6 Rxe5 43.Rb8+ Ke7
44.b6 Re3 45.b7 Rc3+ 46.Kb6 Rb3+ 47.Ka7 Kf6 48.Rh8 Kg6 49.b8=Q Rxb8 50.Kxb8 e5
51.Kc7 e4 52.Rf8 Kg5 53.Rf4 e3 54.Re4 e2 55.Rxe2 Kg4 56.Re3 h5 57.Kb6 h4
58.gxh4 Kxh4 59.Kxa5  1-0

[Event "IV Shakkinet A"]
[Site "Helsinki FIN"]
[Date "2002.06.28"]
[Round "5"]
[White "Hjelm,N"]
[Black "Tiitta,S"]
[Result "1-0"]
[WhiteElo "2313"]
[BlackElo "2249"]

1.d4 d5 2.c4 dxc4 3.Nf3 Nf6 4.e3 e6 5.Bxc4 c5 6.Qe2 a6 7.dxc5 Bxc5 8.O-O b5
9.Bd3 Nc6 10.a3 Bd6 11.Rd1 Qc7 12.Nbd2 Bb7 13.Ne4 Nxe4 14.Bxe4 Rd8 15.Bd2 f5
16.Bxc6+ Bxc6 17.Rac1 Qb6 18.Bc3 Bxf3 19.Qxf3 O-O 20.Bxg7 Bxh2+ 21.Kxh2 Qb8+
22.Qg3 Qxg3+ 23.Kxg3 Kxg7 24.Rxd8 Rxd8 25.Rc6 Kf6 26.Rxa6 Rd3 27.b4 h6 28.Kf3 Rb3
29.Ra5 e5 30.g3 h5 31.Rxb5 Rxa3 32.Rb8 Rb3 33.b5 Kg5 34.b6 e4+ 35.Kg2 Kg6
36.b7 Kg7 37.Kh3 Rb1 38.Kg2 Kh7 39.Kh2 Kg7 40.Kg2 Kh7 41.Rf8 Rxb7 42.Rxf5 Kg6
43.Rf4 Rb4 44.Kh3 Rb2 45.g4 Kg5 46.gxh5 Kxh5 47.Kg3 Rb4 48.f3 Ra4 49.Rxe4 Rxe4
50.fxe4 Kg5 51.Kf3 Kg6 52.Kf4 Kf6 53.e5+ Ke6 54.Ke4 Ke7 55.Kf5 Kf7 56.e6+ Ke7
57.Ke5 Ke8 58.Kf6 Kf8 59.e7+ Ke8 60.e4 Kd7 61.Kf7  1-0

[Event "XX Open"]
[Site "Andorra la Vella AND"]
[Date "2002.07.06"]
[Round "1"]
[White "Vera,R"]
[Black "Beitia Amador,E"]
[Result "1-0"]
[WhiteElo "2533"]
[BlackElo "2133"]

1.d4 d5 2.c4 dxc4 3.e3 Nf6 4.Bxc4 e6 5.Nf3 c5 6.Qe2 a6 7.dxc5 Bxc5 8.O-O O-O
9.e4 Nc6 10.e5 Nd7 11.Bd3 Be7 12.Rd1 Qc7 13.Bf4 b6 14.Nc3 Bb7 15.Bxh7+ Kxh7
16.Qd3+ Kg8 17.Qxd7 Qb8 18.Qd2 Rd8 19.Qe2 Nb4 20.Ne4 Nd5 21.Bg5 f6 22.exf6 gxf6
23.Nxf6+ Bxf6 24.Qxe6+ Kh7 25.Bxf6 Nxf6 26.Qf7+  1-0

[Event "23rd Open"]
[Site "Bled SLO"]
[Date "2002.07.08"]
[Round "7"]
[White "Nikolov,S"]
[Black "Krivec,J"]
[Result "0-1"]
[WhiteElo "2354"]
[BlackElo "2253"]

1.d4 d5 2.c4 dxc4 3.Nf3 Nf6 4.e3 e6 5.Bxc4 c5 6.O-O a6 7.a4 Nc6 8.Qe2 cxd4
9.Rd1 Be7 10.exd4 O-O 11.Nc3 Nb4 12.Ne5 b6 13.Bf4 Bb7 14.Rac1 Nfd5 15.Bg3 Bg5
16.Rb1 Nf4 17.Bxf4 Bxf4 18.Nxf7 Rxf7 19.Qxe6 Qf6 20.Qxf6 gxf6 21.g3 Bd6 22.Re1 Kf8
23.Bxf7 Kxf7 24.Re2 Rd8 25.Rbe1 Bf3 26.Rd2 Bb7 27.Ne4 Be7 28.Rde2 Nd3 29.Ng5+ Kg8
30.Rd1 Rd7 31.Rxd3 fxg5 32.d5 Bc5 33.Re5 h6 34.Kg2 Kg7 35.f3 Bd6 36.Re1 Rc7
37.Re2 a5 38.Rdd2 Bb4 39.d6 Rf7 40.d7 Bxf3+ 41.Kf1 Bc6+ 42.Rf2 Rxd7 43.Rxd7+ Bxd7
44.b3 Be6 45.Rf3 Bh3+  0-1

[Event "Open Championships"]
[Site "Paris FRA"]
[Date "2002.07.11"]
[Round "6"]
[White "David,Alb"]
[Black "Bratanov,Z"]
[Result "1/2-1/2"]
[WhiteElo "2511"]
[BlackElo "2438"]

1.d4 d5 2.c4 dxc4 3.Nf3 e6 4.e3 Nf6 5.Bxc4 c5 6.O-O Nc6 7.Qe2 cxd4 8.Rd1 Be7
9.exd4 O-O 10.Nc3 Na5 11.Bd3 b6 12.Bg5 Bb7 13.Ne5 Nd5 14.Qh5 g6 15.Nxg6 fxg6
16.Bxg6 hxg6 17.Qxg6+ Kh8 18.Rd3 Bxg5 19.Rh3+ Bh4 20.Qh6+ Kg8 21.Qg6+ Kh8
22.Qh6+  1/2-1/2

[Event "3rd Stage Russian Cup"]
[Site "Tomsk RUS"]
[Date "2002.07.12"]
[Round "5"]
[White "Beletsky,A"]
[Black "Grachev,J"]
[Result "1-0"]
[WhiteElo "2386"]
[BlackElo "2398"]

1.d4 d5 2.c4 dxc4 3.Nf3 Nf6 4.e3 e6 5.Bxc4 c5 6.O-O cxd4 7.Nxd4 a6 8.a4 Be7
9.Nc3 O-O 10.Qe2 e5 11.Nf3 Nc6 12.Rd1 Qc7 13.e4 Bg4 14.Be3 Nb4 15.Rac1 Qa5
16.h3 Bh5 17.g4 Bg6 18.Nd2 Rad8 19.Kg2 Kh8 20.f3 h5 21.Nb3 Qc7 22.g5 Nh7
23.Nd5 Nxd5 24.Bxd5 Qb8 25.h4 f6 26.Nc5 fxg5 27.Ne6 gxh4 28.Nxd8 Bxd8 29.Be6 Bf6
30.Qd2 b5 31.Qd6 bxa4 32.Qxb8 Rxb8 33.Rc8+ Rxc8 34.Bxc8 Ng5 35.Rd6 h3+ 36.Bxh3 Nxh3
37.Kxh3 Bf7 38.Rxa6 Bb3 39.Bf2 Bd1 40.Bh4 Bxf3 41.Bxf6 gxf6 42.Rxa4 Kg7 43.Kg3 Bh1
44.Rc4 Kg6 45.b4 f5 46.b5 fxe4 47.Rc1  1-0

[Event "TCh-POL Jun"]
[Site "Laczna POL"]
[Date "2002.07.17"]
[Round "4"]
[White "Szwed,J"]
[Black "Tomczak,J"]
[Result "0-1"]
[WhiteElo "2128"]
[BlackElo "2142"]

1.d4 d5 2.c4 dxc4 3.Nf3 Nf6 4.e3 e6 5.Bxc4 c5 6.O-O Nc6 7.Nc3 a6 8.Bb3 Be7
9.Qe2 cxd4 10.Rd1 b5 11.exd4 Nb4 12.Bg5 O-O 13.a3 Nbd5 14.Nxd5 exd5 15.Ne5 Bb7
16.f3 Re8 17.Qd3 h6 18.Bh4 Qd6 19.Bc2 Kf8 20.Re1 Bc8 21.Bxf6 Bxf6 22.Qh7 Be6
23.Rad1 Rac8 24.Bf5 Ke7 25.Bxe6 fxe6 26.Qg6 Rf8 27.f4 Qb6 28.f5 Rc7 29.Nf3 Rc6
30.Qg4 Re8 31.fxe6 Kf8 32.Rf1 Rcxe6 33.Qh5 Kg8 34.Qxd5 Kh8 35.b4 Re3 36.Qc5 Qxc5
37.bxc5 Rxa3 38.d5 Rc3 39.Rc1 b4 40.c6 Rc8 41.Rfd1 Kg8 42.Nd2 Bg5 43.Rb1 Bxd2
44.Rxd2 a5 45.Ra2 Rc5 46.Rd2 Rd8 47.Rdd1 b3 48.Rb2 a4 49.Ra1 Rdxd5 50.Rxa4 Rd1+
51.Kf2 Rc2+ 52.Kf3 Rxb2 53.c7 Rc2 54.Rb4  0-1

[Event "TCh-POL Jun"]
[Site "Laczna POL"]
[Date "2002.07.18"]
[Round "5"]
[White "Ciolek,M"]
[Black "Adamski,M"]
[Result "0-1"]
[WhiteElo "2068"]
[BlackElo "2213"]

1.d4 d5 2.c4 dxc4 3.e3 e6 4.Bxc4 Nf6 5.Nf3 c5 6.O-O a6 7.Bb3 Nc6 8.Nc3 cxd4
9.exd4 Be7 10.Bg5 O-O 11.Re1 b5 12.Qe2 Nxd4 13.Nxd4 Qxd4 14.Qf3 Rb8 15.Rad1 Qc5
16.Qg3 Bb7 17.Re5 Qb4 18.f3 Rfd8 19.Rde1 Rbc8 20.Ne2 Nd5 21.Bxe7 Nxe7 22.Nc3 Nf5
23.Qh3 Nd4 24.Rh5 h6 25.Qg4 a5 26.Ree5 Bc6 27.h3 Nxb3 28.axb3 Qxg4 29.hxg4 b4
30.Ne4 Rd1+ 31.Kh2 Bd5 32.g5 hxg5 33.Rexg5 Bxe4 34.fxe4 g6 35.Rh3 Ra1 36.Rg4 Rc2
37.Rgh4 Kf8 38.e5 Re1 39.Rh8+ Ke7 40.Ra8 Rxe5 41.Ra7+ Kf6 42.Rh7 Rh5+ 43.Rxh5 gxh5
44.Rxa5 Rxb2 45.Rxh5 Rxb3  0-1

[Event "TCh-POL Jun"]
[Site "Laczna POL"]
[Date "2002.07.18"]
[Round "6"]
[White "Bronowicki,M"]
[Black "Tomczak,J"]
[Result "1/2-1/2"]
[WhiteElo "2135"]
[BlackElo "2142"]

1.d4 d5 2.c4 dxc4 3.Nf3 Nf6 4.e3 e6 5.Bxc4 c5 6.O-O Nc6 7.Qe2 cxd4 8.Rd1 a6
9.a4 d3 10.Bxd3 Qc7 11.Nc3 Bc5 12.Ne4 Be7 13.b3 Nb4 14.Bb2 Nbd5 15.Rac1 Qb6
16.Nxf6+ Bxf6 17.Bxf6 Nxf6 18.Bc4 Bd7 19.Ne5 Rd8 20.Rd4 O-O 21.Rcd1 Qc7 22.f4 Bc8
23.Qd3 Rxd4 24.Qxd4 Qa5 25.e4 h6 26.Be2 Qc7 27.Bf3 b5 28.g4 Bb7 29.g5 hxg5
30.fxg5 Nh7 31.g6 Ng5 32.gxf7+ Nxf7 33.Nxf7 Qxf7 34.Bg2 Qg6 35.axb5 axb5
36.Rf1 Rxf1+ 37.Kxf1 Qf6+ 38.Qxf6 gxf6 39.b4 Kf7 40.Kf2 e5 41.Kg3 Kg6 42.Bf3 Kg5
43.h4+ Kh6 44.Bg2  1/2-1/2

[Event "Capital of Siberia Open"]
[Site "Novosibirsk RUS"]
[Date "2002.07.26"]
[Round "8"]
[White "Sevostianov,V"]
[Black "Bespalov,A"]
[Result "0-1"]
[WhiteElo "2349"]
[BlackElo "2290"]

1.d4 d5 2.Nf3 Nf6 3.c4 dxc4 4.e3 e6 5.Bxc4 c5 6.Nc3 cxd4 7.exd4 Nc6 8.O-O Be7
9.a3 O-O 10.Re1 b6 11.Qd3 Bb7 12.Ba2 Rc8 13.Bf4 Nd5 14.Nxd5 exd5 15.Rac1 Bf6
16.b4 Ne7 17.Be5 Ng6 18.Rxc8 Qxc8 19.Bxf6 gxf6 20.Qe3 Qd7 21.Bb1 Kg7 22.h3 Bc8
23.Nh2 Qd6 24.Qf3 Be6 25.Nf1 Qf4 26.Qd3 Rc8 27.Ne3 Qg5 28.Nf1 f5 29.Qg3 Qf4
30.Qxf4 Nxf4 31.h4 Rc3 32.g3 Ng6 33.Re3 Rc1 34.Rb3 f4 35.Bxg6 hxg6 36.gxf4 Rd1
37.Kg2 Rxd4 38.Kg3 Kf6 39.Kf3 Rd1 40.Ke2 Ra1 41.Rd3 Kf5 42.Rd4 Ra2+ 43.Kf3 Rxa3+
44.Ne3+ Kf6 45.f5 Bxf5 46.Rxd5 Be6 47.Rd4 Ke5 48.Re4+ Kd6 49.Kf4 Ra4 50.Nd1 a5
51.Rd4+ Ke7 52.Nb2 Rxb4 53.Rxb4 axb4 54.Ke5 f6+ 55.Kd4 Kd6 56.f4 b5 57.Nd3 b3
58.Nb2 Bf5 59.Kc3 Bc2 60.Kd4 Kc6  0-1

[Event "Lasker Mem Open"]
[Site "Barlinek POL"]
[Date "2002.07.27"]
[Round "9"]
[White "Socko,M"]
[Black "Tomczak,Raf"]
[Result "1-0"]
[WhiteElo "2347"]
[BlackElo "2341"]

1.d4 d5 2.c4 dxc4 3.e3 e6 4.Bxc4 c5 5.Nf3 Nf6 6.Qe2 a6 7.dxc5 Bxc5 8.O-O b5
9.Bd3 Nbd7 10.e4 Bb7 11.e5 Nd5 12.Nc3 Nxc3 13.bxc3 Qc7 14.a4 Qa5 15.Rd1 Rc8
16.Ng5 Be7 17.Bf4 bxa4 18.Qh5 g6 19.Qh6 Bxg5 20.Qxg5 h6 21.Qg4 Nxe5 22.Bxe5 Qxe5
23.Qxa4+ Bc6 24.Qb4 Rb8 25.Qa3 Qg5 26.Bf1 Qe7 27.Qxa6 Bd5 28.c4 Bb7 29.Qb5+ Kf8
30.Ra7 Qc7 31.Rd7  1-0

[Event "ch-BEL"]
[Site "Geel BEL"]
[Date "2002.07.28"]
[Round "2"]
[White "Goormachtigh,J"]
[Black "Michiels,B"]
[Result "1/2-1/2"]
[WhiteElo "2291"]
[BlackElo "2233"]

1.d4 d5 2.c4 dxc4 3.e3 Nf6 4.Bxc4 e6 5.Nf3 c5 6.O-O a6 7.Bb3 Nbd7 8.e4 Nxe4
9.Re1 Nd6 10.d5 e5 11.Nxe5 Be7 12.Bf4 O-O 13.Nc6 bxc6 14.dxc6 Nf5 15.cxd7 Bxd7
16.Nc3 Bf6 17.Be5 Nd4 18.Bd5 Ra7 19.Rc1 Bxe5 20.Rxe5 Qb8 21.Re3 Qxb2 22.Rb1 Qc2
23.Qxc2 Nxc2 24.Re7 Nb4 25.Bc4 Nc6 26.Ree1 Re8 27.Rxe8+ Bxe8 28.Rb6 Kf8 29.Rxa6 Rxa6
30.Bxa6 Nd4 31.Ne4 Ne6 32.Bc4 Bc6 33.Bxe6 Bxe4 34.Bc4 Bc6 35.f4 Ke7 36.Kf2 f6
37.g3 Kd6 38.Ke3 h6 39.Kd3 Kc7 40.Bb3 Bb5+ 41.Kc3 Kb6 42.Bc2 Ba6 43.Be4 Bb5
44.Bd5 Ba6 45.Be6 Bb5 46.Kb3 Ba6 47.Bd7 Be2 48.Kc3 Ba6 49.Kd2 Bc4 50.a3 Bd5
51.Ke3 Ka5 52.Kd3 Kb6 53.Ba4 Ka5 54.Be8 Kb6 55.Kc3 Ka5 56.Bd7 Kb6 57.Ba4 Be6
58.Bc2 Kb5 59.Bb3 Bh3 60.Bc2  1/2-1/2

[Event "6th Open"]
[Site "Korinthos GRE"]
[Date "2002.07.28"]
[Round "6"]
[White "Gershon,A"]
[Black "Makropoulou,M"]
[Result "1-0"]
[WhiteElo "2556"]
[BlackElo "2300"]

1.d4 d5 2.c4 dxc4 3.Nf3 Nf6 4.e3 e6 5.Bxc4 c5 6.O-O a6 7.Bb3 cxd4 8.exd4 Nc6
9.Nc3 Be7 10.Re1 O-O 11.Bg5 Nb4 12.a3 Nbd5 13.Qd3 Re8 14.Ne5 Nxc3 15.bxc3 Nd5
16.Bc2 g6 17.Qf3 f6 18.Nxg6 hxg6 19.Bxg6 Kg7 20.Bxe8 Qxe8 21.Bd2 Qg6 22.c4 Nc7
23.Re3 Kf7 24.Rae1 Ne8 25.d5 Ng7 26.dxe6+ Bxe6 27.Qxb7 Rd8 28.Bb4 Rd7 29.Qxd7 Bxd7
30.Rxe7+ Kg8 31.Rxd7 Qf5 32.Ree7  1-0

[Event "Inline Czechia Cup"]
[Site "Olomouc CZE"]
[Date "2002.07.31"]
[Round "11"]
[White "Dushenok,A"]
[Black "Wiley,To"]
[Result "1-0"]
[WhiteElo "2200"]
[BlackElo "2248"]

1.Nf3 d5 2.d4 Nf6 3.c4 dxc4 4.e3 e6 5.Bxc4 c5 6.Nc3 a6 7.O-O b5 8.Bb3 Bb7
9.Qe2 Nbd7 10.Rd1 Qc7 11.d5 exd5 12.Nxd5 Nxd5 13.Bxd5 Bxd5 14.Rxd5 Be7 15.b3 O-O
16.Bb2 Rfd8 17.Rc1 Nf8 18.Rh5 Qb6 19.Ne5 Rac8 20.Qf3 Bf6 21.Bc3 Ng6 22.Qf5 Qd6
23.f4 Bxe5 24.fxe5 Qe6 25.Qf3 Rd5 26.Rf1 Rf8 27.e4 Rd7 28.Rh3 Re8 29.Qh5 h6
30.Rf5 Red8 31.Rhf3 Rd1+ 32.Kf2 R8d7 33.Rf6 gxf6 34.Rxf6 R7d2+ 35.Bxd2 Rxd2+
36.Ke1 Qd7 37.Rxg6+ fxg6 38.Qxg6+ Qg7 39.Qxg7+ Kxg7 40.Kxd2 Kf7 41.g4 Ke6
42.h4 Kxe5 43.g5 hxg5 44.hxg5  1-0

[Event "ch-BEL"]
[Site "Geel BEL"]
[Date "2002.08.03"]
[Round "8"]
[White "Bagheri,A"]
[Black "Michiels,B"]
[Result "1/2-1/2"]
[WhiteElo "2451"]
[BlackElo "2233"]

1.d4 d5 2.Nf3 Nf6 3.c4 dxc4 4.e3 e6 5.Bxc4 c5 6.O-O a6 7.Bd3 Nc6 8.a3 Be7
9.dxc5 Bxc5 10.b4 Ba7 11.Bb2 O-O 12.Qc2 Bd7 13.Nc3 Rc8 14.Rad1 Qe7 15.Qb1 h6
16.Ne2 Rfd8 17.Ba1 Nb8 18.Qb2 Ba4 19.Rc1 Rxc1 20.Nxc1 Nbd7 21.Be4 Nb6 22.Ne5 Bb5
23.Bd3 Bxd3 24.Ncxd3 Ne8 25.Qb3 Nd7 26.Nf3 Rc8 27.Rd1 Bb8 28.g3 Nef6 29.Qb2 Ne8
30.Kg2 Qd6 31.e4 Qe7 32.Qe2 Nef6 33.Bd4 b5 34.Nd2 Rc6 35.Nb3 Bc7 36.Bc5 Nxc5
37.bxc5 Bd8 38.e5 Ne8 39.Nb4 Rc8 40.Qe4 a5 41.Nc6 Qb7 42.Kf3 Qxc6 43.Qxc6 Rxc6
44.Rxd8 Kf8 45.Rb8 a4 46.Nd4 Rxc5 47.Nxb5 Ke7 48.Ke4 f5+ 49.exf6+ Nxf6+ 50.Kf3 Nd5
51.Rb7+ Kf6 52.Nd6 Ke5 53.Ne4 Rc4 54.Nd2 Rc3+ 55.Ke2 Kd4 56.Rxg7 Rxa3 57.Rg4+ Kc5
58.Ne4+ Kb5 59.Rg8 Ra1 60.Rb8+ Kc4 61.h4 Kd4 62.f3 Ra2+ 63.Kd1 Ke3 64.Nc5 a3
65.g4 Nc3+ 66.Kc1 Ne2+ 67.Kb1 Nc3+ 68.Kc1  1/2-1/2

[Event "9th Open"]
[Site "Nice FRA"]
[Date "2002.08.05"]
[Round "1"]
[White "Epishin,V"]
[Black "Djalal,B"]
[Result "1-0"]
[WhiteElo "2643"]
[BlackElo "2176"]

1.d4 d5 2.c4 dxc4 3.Nf3 Nf6 4.e3 e6 5.Bxc4 c5 6.O-O a6 7.Bb3 cxd4 8.exd4 Nc6
9.Be3 Be7 10.Ne5 O-O 11.Nxc6 bxc6 12.Nd2 Nd5 13.Rc1 Bb7 14.Ne4 f5 15.Nc5 Bxc5
16.Rxc5 f4 17.Bc1 f3 18.g3 e5 19.Re1 exd4 20.Bf4 Rxf4 21.gxf4 Qd6 22.Rxd5 cxd5
23.Qxf3 Rf8 24.f5 g6 25.Qg3 Qxg3+ 26.hxg3 Rxf5 27.Rd1 Kf7 28.Rxd4 Ke6 29.f4 Rf7
30.Kf2 Kd6 31.Ke3 Re7+ 32.Kd2 Kc5 33.Ra4 Re6 34.Bc2 Rb6 35.Kc3 Re6 36.b4+ Kb6
37.Kd2 d4 38.Ra3 Kb5 39.Bd3+ Kb6 40.Bc4 Rd6 41.Ra5 h6 42.a4 Bc8 43.Re5 Bd7
44.a5+ Kc7 45.Rc5+ Kb7 46.Rd5 Rxd5 47.Bxd5+ Bc6 48.Bxc6+ Kxc6 49.g4  1-0

[Event "ch-SLO w"]
[Site "Dobrna SLO"]
[Date "2002.08.07"]
[Round "4"]
[White "Srebrnic,A"]
[Black "Krivec,J"]
[Result "0-1"]
[WhiteElo "2195"]
[BlackElo "2253"]

1.Nf3 d5 2.d4 Nf6 3.c4 dxc4 4.e3 e6 5.Bxc4 c5 6.Nc3 a6 7.a4 Nc6 8.O-O Be7
9.Qe2 cxd4 10.Rd1 e5 11.exd4 exd4 12.Be3 Bg4 13.Bxf7+ Kxf7 14.Ng5+ Ke8 15.f3 h6
16.fxg4 hxg5 17.h3 Qc8 18.Bxd4 Nxd4 19.Rxd4 Qc5 20.Rd1 Kf7 21.Ne4 Nxe4 22.Qxe4 Bf6
23.Qxb7+ Kg6 24.Qe4+ Kh6 25.Qe6 Rad8 26.b4 Qa7 27.h4 Rxd4 28.hxg5+ Kh7 29.Qf5+ g6  0-1

[Event "ch-SLO"]
[Site "Dobrna SLO"]
[Date "2002.08.07"]
[Round "4"]
[White "Podkriznik,G"]
[Black "Mikhalchishin,A"]
[Result "1/2-1/2"]
[WhiteElo "2299"]
[BlackElo "2533"]

1.d4 Nf6 2.Nf3 d5 3.c4 dxc4 4.e3 e6 5.Bxc4 c5 6.O-O a6 7.dxc5 Bxc5 8.Qxd8+ Kxd8
9.Nbd2 Nc6 10.b3 Ke7 11.Bb2 Rd8 12.Rfd1 b5 13.Be2 Bb7 14.Rac1 Bd6 15.a4 bxa4
16.bxa4 Bb4 17.Nb3 Rxd1+ 18.Rxd1 Rc8 19.Rc1 Na5 20.Rxc8 Bxc8 21.Nxa5 Bxa5
22.Ne5 Bc7 23.Nc4 Bd7 24.Ne5  1/2-1/2